| 000 | 004140000a22001810004500 | ||
|---|---|---|---|
| 005 | 20120302054057.0 | ||
| 942 | _cBOOK | ||
| 100 | _a Compbell,Keith | ||
| 245 | _a Body and mind | ||
| 260 | _aLondon:Macmillan,1971 | ||
| 300 | _a150p | ||
| 490 | _aProblems of Philosophy | ||
| 040 | _aENG | ||
| 365 | _bRs. | ||
| 650 | _aPhilosophy | ||
| 650 | _aBody-Mind-Philosophy | ||
| 650 | _aCentral-State-Materialism | ||
| 999 |
_c344620 _d344617 |
||